| 000 | 01427nam1a22003251i 4500 | ||
|---|---|---|---|
| 001 | v19\rc\1754338 | ||
| 005 | 20240921184639.0 | ||
| 035 | _a(NLR Aleph) 004890166 | ||
| 090 |
_a5262583 _c5262583 |
||
| 100 | _a20061204e19021903|||y0rusy50 ca | ||
| 101 | 1 |
_arus _ceng |
|
| 102 | _aRU | ||
| 105 | _ay z |||c| | ||
| 200 | 1 |
_aСочинения Эмерсона _e(С англ.) _eС критич. очерком об Эмерсоне и его портр. Т. 1-2 |
|
| 210 |
_aСанкт-Петербург _cред. "Нового журн. иностр. лит." _d1902-1903 |
||
| 215 |
_a2 т. _d24 |
||
| 311 | _aОтт. из "Нового журн. иностр. лит., искусства и науки". 1901, № 2-11; 1902, № 4-12 | ||
| 488 | 0 |
_12001#$aНовый журнал иностранной литературы, искусства и науки$v1901, № 2-11; 1902, № 4-12 _tНовый журнал иностранной литературы, искусства и науки |
|
| 700 | 1 |
_7ca _8rus _aЭмерсон _bР. У. _f1803-1882 _gРальф Уолдо _9208754 _3RU\NLR\AUTH\770208808 |
|
| 801 | 0 |
_aRU _bNLR _gpsbo |
|
| 801 | 0 |
_aRU _bRuMoRGB _2psbo |
|
| 801 | 1 |
_aRU _bProSoft-M _2rusmarc |
|
| 852 |
_aNLR _j34.7.2.55 |
||
| 852 |
_aNLR _j127/3370 |
||
| 899 |
_aRuMoRGB _jE 95/561 |
||
| 899 |
_aRuMoRGB _jU 33/810 |
||
| 899 | _aБАН | ||
| 899 | _aНБ СПбГУ | ||
| 899 | _aНБ МГУ | ||
| 942 | _cBOOK | ||